| 000 | 00808nam a2200277 4500 | ||
|---|---|---|---|
| 001 | 1037608 | ||
| 005 | 20150513150821.0 | ||
| 007 | 000 | ||
| 008 | 000 | ||
| 010 | _a 89035355 | ||
| 020 |
_a0070501386 : _c$34.95 |
||
| 040 |
_aUOEL _cDLC _dDLC |
||
| 050 | 0 | 0 |
_aQA162 _b.P56 1990 |
| 082 | 0 | 0 |
_a512/.02 _220 |
| 100 | 1 |
_aPinter, Charles C., _d1932- |
|
| 245 | 1 | 2 |
_aA book of abstract algebra / _cCharles C. Pinter. |
| 250 | _a2nd ed. | ||
| 260 |
_aNew York : _bMcGraw-Hill, _cc1990. |
||
| 300 |
_axviii, 384 p. : _bill. ; _c24 cm. |
||
| 440 | 0 | _aInternational series in pure and applied mathematics | |
| 440 | 0 | _aMcGraw-Hill series in higher mathematics | |
| 500 | _aIncludes index. | ||
| 650 | 0 |
_aAlgebra, Abstract. _xMathematics |
|
| 906 |
_a7 _bcbc _corignew _d1 _eocip _f19 _gy-gencatlg |
||
| 942 |
_2lcc _cLL |
||
| 999 |
_c7419 _d7419 |
||